000 00528nam a22001697a 4500
999 _c8718
_d8718
008 201211b ||||| |||| 00| 0 eng d
040 _aBMS College of Architecture
100 _aSubramanian, Karunya
245 _aShraay : A centre for street Children
300 _aNA
500 _a1BM11AT027
502 _8B,Arch
_NBMS College of Architecture, Visvesvaraya Technological University (VTU)
_aProject report
_d2015
650 _aChildren
700 _aRiju C Thomas
_eGuide
700 _aP S Mamatha
_eGuide
942 _2ddc
_cTHE